000 01552nam0a22003371 4500
001 v19\rc\1647372
005 20260406115950.0
035 _a(NLR Aleph) 004759369
090 _a4575418
_c4575418
100 _a20061002d1887 |||y0rusy50 ca
101 0 _arus
102 _aRU
105 _ay z |||a|
200 1 _aПовести Александра Сергеевича Пушкина. (Выстрел, Барышня-крестьянка, Дубровский)
_eПриспособил для клас. чтения (в 4 и 3) Г.Г. фон-Эльц
210 _aДерпт
_cЭ.Ю. Каров
_d1887
215 _a[2], 90 с.
_d17
225 1 _aСборник "Из области русской словесности"
_v№ 6
464 0 _12001#$aВыстрел$aБарышня-крестьянка$aДубровский
_tДубровский
532 1 3 _aПовести Александра Сергеевича Пушкина. (Выстрел, Барышня-крестьянка, Дубровский)
700 1 _8rus
_7ca
_aПушкин
_bА. С.
_cпоэт
_f1799-1837
_gАлександр Сергеевич
_3RU\NLR\AUTH\77386
_9110441
702 1 _4570
_8rus
_7ca
_aЭльц
_bГ. Г. фон
_gГуго Гугович фон
_3RU\NLR\AUTH\7758303
_941235
801 0 _aRU
_bNLR
_gpsbo
801 0 _aRU
_bRuMoRGB
_2psbo
801 1 _aRU
_bProSoft-M
_2rusmarc
852 _aNLR
_jПушкин/4-П-42-1
899 _aRuMoRGB
_jJ 74/137
899 _aБАН
899 _aRuMoRGB
_jРб 10/1058
942 _cBOOK
980 _aNB